000 00593nam a2200229Ia 4500
003 OSt
005 20220928140010.0
006 a|||||r|||| 00| 0
007 ta
008 220927b |||||||| |||| 00| 0 eng d
024 _a5956
037 _cTextual
040 _aSDCL
_cSDCL
_beng
041 _2eng
_aeng
082 _aO-,2J64,52:g, M2
100 _aShakespeare William
245 0 _aHamlet.
260 _c1982
700 _a Jenkins Harold Ed.
_9493508
942 _hO-,2J64,52:g, M2
_cTEXL
_2CC
999 _c809335
_d809335